000 00222 a2200097 4500
001 59855
100 _a
245 _aRemarkable Physicists; From Galileo to Yukawa
260 _aUK
_bCambridge
_c2004
090 _c36690
_d36690
942 _aNUST-CAE
_c
_c29658
999 _c294928
_d294928